كلمات وفاء في المرحوم الدكتور عبد الرحيم بدر ( غاليليو الخليلي) بمناسبة الذكرى العشرين لرحيله / (رقم التسجيلة. 132762)

تفاصيل مارك
000 -LEADER
fixed length control field 00659nam a22001817a 4500
005 - DATE AND TIME OF LATEST TRANSACTION
control field 20251108175359.0
008 - FIXED-LENGTH DATA ELEMENTS--GENERAL INFORMATION
fixed length control field 250721s2015 xx 000 0 ara d
082 14 - DEWEY DECIMAL CLASSIFICATION NUMBER
Classification number 926.1/كلم
100 1# - MAIN ENTRY--PERSONAL NAME
Personal name قنصل، خليل
Relator term معد
245 10 - TITLE STATEMENT
Title كلمات وفاء في المرحوم الدكتور عبد الرحيم بدر ( غاليليو الخليلي) بمناسبة الذكرى العشرين لرحيله /
264 1# - PRODUCTION, PUBLICATION, DISTRIBUTION, MANUFACTURE, AND COPYRIGHT NOTICE
Place of production, publication, distribution, manufacture عمان :
Name of producer, publisher, distributor, manufacturer الصايل للنشر والتوزيع،
Date of production, publication, distribution, manufacture, or copyright notice 2015.
300 ## - PHYSICAL DESCRIPTION
Extent 107 ص.
650 17 - SUBJECT ADDED ENTRY--TOPICAL TERM
Topical term or geographic name as entry element التراجم
650 17 - SUBJECT ADDED ENTRY--TOPICAL TERM
Topical term or geographic name as entry element الاطباء
700 1# - ADDED ENTRY--PERSONAL NAME
Personal name غصيب، همام
Relator term مقدم
942 ## - ADDED ENTRY ELEMENTS (KOHA)
Source of classification or shelving scheme Dewey Decimal Classification
Koha item type كتب
المقتنيات
حالة السحب حالة الفقدان مصدر التصنيف حالة التلف غير قابل للإعارة المكتبة الرئيسية المكتبة الحالية موقع الرف تاريخ التزويد الرقم المتسلسل Total Checkouts رقم الإستدعاء الباركود تاريخ آخر ظهور تاريخ الفاتورة نوع المادة (كوها)
    Dewey Decimal Classification     المكتبة المركزية المكتبة المركزية الإعارة 28/07/2025 1614324   926.1/كلم PLD00354199 28/07/2025 28/07/2025 كتب
Implemented & Customized by: BBB with SCIT (Smart Chains for Information Technology)

Powered by Koha